Statistics for Poorest Countries Bordering Each Other

Click here to take the quiz!

General Stats

  • This quiz has been taken 4,907 times
    (2,946 since last reset)
  • The average score is 17 of 20

Answer Stats

Country% Correct
D.R. of the Congo
95%
Chad
94%
Niger
94%
South Sudan
92%
Central African Republic
91%
Mali
89%
Rwanda
89%
Ethiopia
88%
Somalia
88%
Burundi
87%
Uganda
86%
Mozambique
85%
Tanzania
85%
Zambia
85%
Zimbabwe
85%
Malawi
82%
Burkina Faso
79%
Guinea
65%
Liberia
62%
Sierra Leone
61%

Score Distribution

Percentile by Number Answered

Percent of People with Each Score

Your Score History

You have not taken this quiz since the last reset